| 000 | 00339nam a2200121Ia 4500 | ||
|---|---|---|---|
| 005 | 20251222143117.0 | ||
| 008 | 251222s9999||||xx |||||||||||||| ||spa|| | ||
| 082 | _a283/B85 | ||
| 100 | _aBrugarola, Martín | ||
| 245 | 0 | _aEl Sacerdote y las Instituciones Temporales | |
| 264 | _bAsesoría Eclesiástica Nacional de Sindicatos | ||
| 942 | _cLIB | ||
| 999 |
_c11388 _d11388 |
||